Maulana Abul Kalam Azad: a memorial volume (Record no. 370995)

000 -LEADER
fixed length control field 00366cam a22001217a 4500
008 - FIXED-LENGTH DATA ELEMENTS--GENERAL INFORMATION
fixed length control field 180718b1959 xxu||||| |||| 00| 0 eng d
082 ## - DEWEY DECIMAL CLASSIFICATION NUMBER
Classification number A99 Az11 K112
245 ## - TITLE STATEMENT
Title Maulana Abul Kalam Azad: a memorial volume
Statement of responsibility, etc. edited by Humayun Kabir
260 ## - PUBLICATION, DISTRIBUTION, ETC.
Place of publication, distribution, etc. Bombay
Name of publisher, distributor, etc. Asia Pub. House
Date of publication, distribution, etc. 1959
300 ## - PHYSICAL DESCRIPTION
Extent 241p.
650 ## - SUBJECT ADDED ENTRY--TOPICAL TERM
Topical term or geographic name entry element Azad, Abul Kalam, 1888-1958
700 ## - ADDED ENTRY--PERSONAL NAME
Personal name Kabir, Humayun
Holdings
Withdrawn status Lost status Damaged status Not for loan Permanent Location Current Location Date acquired Full call number Barcode Date last seen Price effective from Koha item type
        Indian Institute of Public Administration Indian Institute of Public Administration 1994-06-08 A99 Az11 K112 16003 2018-07-21 2018-07-21 Book

Powered by Koha